| 000 -LEADER |
| fixed length control field |
00833nam a22001337a 4500 |
| 040 ## - CATALOGING SOURCE |
| Transcribing agency |
RUA |
| 082 ## - DEWEY DECIMAL CLASSIFICATION NUMBER |
| Classification number |
FIS SEA 2012 B184 Or.1 |
| 100 ## - MAIN ENTRY--AUTHOR NAME |
| Personal name |
SEA, VANARA. |
| 245 ## - TITLE STATEMENT |
| Title |
Munipal wastewater treatment using bulrush plant and vegetables for tilapia culture at royal university of agiculture, ការសម្អាតទឹកកាកសំណល់ទីក្រុងដោយប្រើប្រភេទរុក្ខជាតិកក់ជ្រុន និងបន្លែ ដើម្បីចិញ្ចឹមត្រីទីឡាព្យា នៅសាកលវិទ្យាល័យភូមិន្ទកសិកម្ម |
| 260 ## - PUBLICATION, DISTRIBUTION, ETC. (IMPRINT) |
| Place of publication |
Phnom Penh |
| Name of publisher |
RUA |
| Year of publication |
2012 |
| 300 ## - PHYSICAL DESCRIPTION |
| Number of Pages |
xii; 69p. |
| Other physical details |
ill. |
| Dimensions |
29cm. |
| 856 ## - ELECTRONIC LOCATION AND ACCESS |
| Uniform Resource Identifier |
https://drive.google.com/file/d/1daR8OPDiuwj4th07d8lcvLwWdp6gtRBJ/view?usp=sharing |
| 942 ## - ADDED ENTRY ELEMENTS (KOHA) |
| Koha item type |
FIS |
| 952 ## - LOCATION AND ITEM INFORMATION (KOHA) |
| Withdrawn status [LOCAL, KOHA] |
0 |
| 952 ## - LOCATION AND ITEM INFORMATION (KOHA) |
| Withdrawn status [LOCAL, KOHA] |
0 |
| 952 ## - LOCATION AND ITEM INFORMATION (KOHA) |
| Withdrawn status [LOCAL, KOHA] |
0 |
| 952 ## - LOCATION AND ITEM INFORMATION (KOHA) |
| Withdrawn status [LOCAL, KOHA] |
0 |
| 952 ## - LOCATION AND ITEM INFORMATION (KOHA) |
| Withdrawn status [LOCAL, KOHA] |
0 |
| 952 ## - LOCATION AND ITEM INFORMATION (KOHA) |
| Withdrawn status [LOCAL, KOHA] |
0 |